Online Catalogue and eLibrary

The fight against discrimination towards equality in education (Record no. 2990)

MARC details
000 -LEADER
fixed length control field 00416nam a2200169Ia 4500
005 - DATE AND TIME OF LATEST TRANSACTION
control field 20240801040617.0
008 - FIXED-LENGTH DATA ELEMENTS--GENERAL INFORMATION
fixed length control field 240331s9999 xx 000 0 und d
082 ## - DDC Classification
Item Number - Author Mark JUV
Class No. 376
100 ## - MAIN ENTRY--PERSONAL NAME
Personal name Juvigny, P
245 #4 - TITLE STATEMENT
Title The fight against discrimination towards equality in education
260 ## - PUBLICATION, DISTRIBUTION, ETC.
Place of publication, distribution, etc. Paris
Name of publisher, distributor, etc. Unesco
Date of publication, distribution, etc. 1963
300 ## - PHYSICAL DESCRIPTION
Extent (e.g. Volumes, Pages etc.) 84 p .,
650 ## - SUBJECT ADDED ENTRY--TOPICAL TERM
Topical term or geographic name entry element History
650 ## - SUBJECT ADDED ENTRY--TOPICAL TERM
Topical term or geographic name entry element Economic
650 ## - SUBJECT ADDED ENTRY--TOPICAL TERM
Topical term or geographic name entry element Social
942 ## - Koha item type (Biblio)
Koha item type Books in Stacks (Lending)
Holdings
Lost status Damaged status Collection code Home library Current library Shelving location Date acquired Full call number Accession Number Item type
    Lending WERC Library WERC Library Social Science Cupboard 03/31/2024 376 JUV 272 Books in Stacks (Lending)

© WERC Library